Fr. Conceicao Rodrigues College of Engineering

Numerical Analysis (Record no. 20764)

MARC details
000 -LEADER
fixed length control field 00279nam a2200133Ia 4500
082 ## - DEWEY DECIMAL CLASSIFICATION NUMBER
Classification number 515
Item number GEO/MIT
100 ## - MAIN ENTRY--PERSONAL NAME
Personal name Geol/ Mithal
245 ## - TITLE STATEMENT
Title Numerical Analysis
260 ## - PUBLICATION, DISTRIBUTION, ETC.
Name of publisher, distributor, etc. Pragati Prakashan
Date of publication, distribution, etc. 1997
300 ## - PHYSICAL DESCRIPTION
Extent 518
546 ## - LANGUAGE NOTE
Language note ENGLISH
654 ## - SUBJECT ADDED ENTRY--FACETED TOPICAL TERMS
Focus term numerical
942 ## - ADDED ENTRY ELEMENTS (KOHA)
Koha item type BOOK
Holdings
Withdrawn status Lost status Damaged status Not for loan Collection Home library Current library Date acquired Total Checkouts Full call number Barcode Date last seen Price effective from Koha item type
        CRC Fr. Agnel's C.Rodrigues College of Engineering Fr. Agnel's C.Rodrigues College of Engineering 17/03/2023   515 GEO/MIT 11417 02/12/2025 17/03/2023 BOOK